000 00940nam a22003017a 4500
001 BR7303521
003 BR-BrBNA
005 20230928083959.0
007 ta
008 230509b bl.||||| |||| 00| 0 por d
040 _aBR-BrBNA
_bpor
_cBiblioteca Nacional de Agricultura
041 _a(Por)
072 _aF00
_b2110
090 _ 2110 BR7303521
100 1 _aMariano, A.H.
100 1 _aVasconcelos Filho, A.P. de
100 1 _aEstaine, A.
100 1 _aAlencar, M.H.
100 1 _aMachado, P.
110 1 _aCentro de Pesquisas do Cacau, Ilheus, BA (Brasil)
_91631
245 1 _aGrupo de trabalho sobre diversificacao de culturas, recomendacoes do grupo de trabalho sobre diversificacao de culturas [Cacau]
260 3 _aIlheus, BA (Brasil):
_c1968.
300 _a3 p.
500 _a(*) Documento disponível no(a) CEPLAC, Ilheus, BA (Brazil)
650 _aCACAU
909 _a202309
_bLucia
_c55
_dLucia Elande
942 _cBK
999 _c16126
_d16126